Szegeden megnyílt az országos virágkiállítás

Elmentve itt :
Bibliográfiai részletek
Szerző: Somogyi Károlyné Neurohr Magdolna
Dokumentumtípus: Cikk
Megjelent: 1968-08-11
Sorozat:Délmagyarország 58 No. 188
Kulcsszavak:Kiállítás virág, mezőgazdasági tanácskozások
Online Access:http://dmarchiv.bibl.u-szeged.hu/68796
LEADER 00550nab a2200157 i 4500
001 delm68796
005 20180927153706.0
008 180927s1968 hu o 0|| hun d
040 |a SZTE Délmagyarország Archívum  |b hun 
041 |a hun 
100 2 |a Somogyi Károlyné Neurohr Magdolna 
245 1 0 |a Szegeden megnyílt az országos virágkiállítás  |h [elektronikus dokumentum] /  |c  Somogyi Károlyné Neurohr Magdolna 
260 |c 1968-08-11 
300 |a 1 
490 0 |a Délmagyarország  |v 58 No. 188 
695 |a Kiállítás virág, mezőgazdasági tanácskozások